ARRUPE JESUIT UNIVERSITY

CORONAVIRUS -STOP THE SPREAD - CLEAN,DISINFECT,COVER

Through the heart of Africa (Record no. 124115)

MARC details
000 -LEADER
fixed length control field 01007cam a2200265 4500
001 - CONTROL NUMBER
control field 2688584
003 - CONTROL NUMBER IDENTIFIER
control field ARRUPE
005 - DATE AND TIME OF LATEST TRANSACTION
control field 20160209120428.0
008 - FIXED-LENGTH DATA ELEMENTS--GENERAL INFORMATION
fixed length control field 760331s1912 enkbf 000 0aeng
010 ## - LIBRARY OF CONGRESS CONTROL NUMBER
LC control number 12029308
035 ## - SYSTEM CONTROL NUMBER
System control number (OCoLC)ocm02082634
035 ## - SYSTEM CONTROL NUMBER
System control number (NNC)2688584
040 ## - CATALOGING SOURCE
Original cataloging agency DLC
Transcribing agency IDA
Modifying agency ZCU
050 0# - LIBRARY OF CONGRESS CALL NUMBER
Classification number DT365
Item number .M4
099 ## - LOCAL FREE-TEXT CALL NUMBER (OCLC)
Classification number 960
-- M4863
300 ## - PHYSICAL DESCRIPTION
Other physical details front., plates, fold. map.
Dimensions 23 cm.
100 1# - MAIN ENTRY--PERSONAL NAME
Personal name Melland, Frank H.
Fuller form of name (Frank Hulme),
Dates associated with a name 1879-1939.
9 (RLIN) 22114
245 10 - TITLE STATEMENT
Title Through the heart of Africa
Remainder of title being an account of a journey on bicycles and on foot from Northern Rhodesia, past the Great Lakes, to Egypt, understand when proceeding home on leave in 1910.
Statement of responsibility, etc By Frank H. Mellano and Edward H. Cholmeley.
260 ## - PUBLICATION, DISTRIBUTION, ETC. (IMPRINT)
Place of publication, distribution, etc London
Name of publisher, distributor, etc Constable & Company ltd.,
Date of publication, distribution, etc 1912.
300 ## - PHYSICAL DESCRIPTION
Extent xvii, [l], 305 p.
600 ## - SUBJECT ADDED ENTRY--PERSONAL NAME
Personal name Melland, Frank Hulme
9 (RLIN) 22115
651 #0 - SUBJECT ADDED ENTRY--GEOGRAPHIC NAME
Geographic name Africa, East
General subdivision Description and travel.
9 (RLIN) 22116
700 1# - ADDED ENTRY--PERSONAL NAME
Personal name Cholmeley, Edward H.,
Relator term author.
9 (RLIN) 22117
942 ## - ADDED ENTRY ELEMENTS (KOHA)
Source of classification or shelving scheme Library of Congress Classification
Koha item type SPC
Holdings
Withdrawn status Lost status Source of classification or shelving scheme Damaged status Not for loan Collection code Home library Current library Shelving location Date acquired Total Checkouts Full call number Barcode Date last seen Price effective from Koha item type
    Library of Congress Classification     SPECIAL Collection ARRUPE LIBRARY ARRUPE LIBRARY Reference 09/02/2016   SPC DT365 .M4 46500006192 09/02/2016 09/02/2016 SPC

 

Arrupe Library. PO Box MP320 Mt Pleasant, Harare, Zimbabwe
263 242 745411|librarian@aju.ac.zw